Nezostať v predsieni Podpredseda Medzinárodného Pen klubu, spisovateľ György Konrád pre Pravdu:

Bibliographic Details
Main Authors: Konrád, György, 1933-2019 (Author), Lőrincz, Július, 1910-1980 (Author)
Format: Article
Language:Slovak
PhysicalDescription:Fotogr. 1
Subjects:

MARC

LEADER 00000nab a2200000 a 4500
001 vtls000607089
003 SK-MaSNL
005 20260303202246.0
008 160314c1996 xo 0 slo
015 |a SNBRB19rr/mm-uuuuu 
035 |a CL0607228 
040 |a SNKBUCL  |b slo  |c SNKBUCL  |e AACR2 
041 0 |a slo 
044 |a xo  |c SK 
080 |a 82:929:894.511  |2 1981 
080 |a 894.511  |2 1981 
100 1 |a Konrád, György,  |d 1933-2019  |4 aut  |9 189316 
245 1 0 |a Nezostať v predsieni  |b Podpredseda Medzinárodného Pen klubu, spisovateľ György Konrád pre Pravdu:  |c Konrád György, Július Lőrincz 
300 |b Fotogr. 1 
600 1 7 |a Konrád, György,  |d 1933-2019  |2 snkbucl  |9 189316 
700 1 |a Lőrincz, Július,  |d 1910-1980  |4 aut  |9 48954 
773 0 |t Pravda  |g Roč. 6, č. 292 (14. 12. 1996), s. 1 a 4 
850 |a Slovenská národná knižnica v Martine  |a MTA001 
852 |a SNK  |b KIS3GCP 
958 |a LX 
958 |a HU 
958 |a RK 
958 |a RBX 
999 |c 2178592  |d 2180522